Composite panic? (Record no. 73906)

MARC details
000 -LEADER
fixed length control field 01053cam a2200217 4500
001 - CONTROL NUMBER
control field ABS67218
008 - FIXED-LENGTH DATA ELEMENTS--GENERAL INFORMATION
fixed length control field 031128n2003 000 0 eng u
035 ## - SYSTEM CONTROL NUMBER
System control number (Sirsi) u124534
100 ## - MAIN ENTRY--PERSONAL NAME
Personal name Loveland, A.
245 ## - TITLE STATEMENT
Title Composite panic?
260 ## - PUBLICATION, DISTRIBUTION, ETC.
Date of publication, distribution, etc. 2003
490 ## - SERIES STATEMENT
Series statement RICS Building Surveying Faculty: The Journal
Volume/sequential designation (8) October/November 2003, 10-11(2)
520 ## - SUMMARY, ETC.
Summary, etc. Discusses how the presence of insulated composite panels in modern buildings has raised concerns. Problems have arisen when fires have started in buildings with this type of insulation, which appears to add to the rate of fire spread. Fire insurers may question the safety of such components. Suggests insurers, occupiers, imvestors and advisers, such as surveyors, become more familiar with the issues involved and methods of quantifying and reducing risks.
590 ## - LOCAL NOTE (RLIN)
Local note ABS
650 ## - SUBJECT ADDED ENTRY--TOPICAL TERM
Topical term or geographic name entry element COMPOSITE PANELS
650 ## - SUBJECT ADDED ENTRY--TOPICAL TERM
Topical term or geographic name entry element INSULATION
650 ## - SUBJECT ADDED ENTRY--TOPICAL TERM
Topical term or geographic name entry element MANAGEMENT-HEALTH AND SAFETY-FIRE SAFETY
650 ## - SUBJECT ADDED ENTRY--TOPICAL TERM
Topical term or geographic name entry element FIRE RISK
690 ## - LOCAL SUBJECT ADDED ENTRY--TOPICAL TERM (OCLC, RLIN)
Topical term or geographic name as entry element BUILT ENVIRONMENT-CONSTRUCTION DESIGN
942 ## - ADDED ENTRY ELEMENTS (KOHA)
Suppress in OPAC 0
Holdings
Withdrawn status Lost status Source of classification or shelving scheme Damaged status Not for loan Home library Current library Shelving location Date acquired Total Checkouts Full call number Barcode Date last seen Copy number Price effective from Koha item type
    Dewey Decimal Classification     London London Journal article 28/11/2003   ABS67218 124534-1001 06/08/2019 1 06/08/2019 Journal article
    Dewey Decimal Classification     Virtual Virtual Online 03/12/2003   ONLINE PUBLICATION 124534-2001 06/08/2019 1 06/08/2019 Journal article